00300nam a2200121Ia 4500008004100000041001200041082001100053100001800064245006500082260000600147650000600153700001900159221030s9999 xx 000 0 und d aEnglish a105.23 aA. S. Mahajan 0aElectricity and Magnetismcby A. S. Mahajan , A. A. Rangwala c0 aB aA. A. Rangwala